000 00397 a2200169 4500
001 70477
020 _a9788589655668
040 _cAnchieta - Itaigara
100 _aLopes, Eduardo
240 1 0 _aA escada e outras histórias
_lpor
245 1 0 _aA escada e outras histórias
300 _a50
362 0 _a2011
440 1 _aP55 Edições
650 4 _aLiteratura infanto-juvenil
942 _cBK
999 _c70477
_d70477